[Event "HUN-chT Youth 2019"]
[Site "Budapest"]
[Date "2019.10.28"]
[Round "4.28"]
[White "Petroczy, Zoltan"]
[Black "Tancz, Janos"]
[Result "1-0"]
[WhiteElo "1573"]
[BlackElo "1486"]
[Annotator "NA RC"]
[PlyCount "71"]
[EventDate "2019.10.26"]
[EventType "team-tourn"]
[EventCountry "HUN"]
[SourceTitle "playchess.com"]
[Source "ChessBase"]
[SourceQuality "1"]
[TimeControl "5400+30"]

1. e4 {[%emt 0:00:00]} c5 {[%emt 0:00:00]} 2. Nf3 {[%emt 0:00:00]} Nc6 {[%emt 0:00:18]} 3. d4 {[%emt 0:00:41]} cxd4 {[%emt 0:00:10]} 4. Nxd4 {[%emt 0:02:08]} g6 {[%emt 0:00:11]} 5. Be3 {[%emt 0:02:27]} Bg7 {[%emt 0:01:20]} 6. Nc3 {[%emt 0:00:33]} Nf6 {[%emt 0:00:17]} 7. Nxc6 {[%emt 0:01:51]} bxc6 {[%emt 0:00:33]} 8. e5 {[%emt 0:01:08]} Ng8 {[%emt 0:02:56]} 9. f4 {[%emt 0:01:54]} d6 {[%emt 0:02:18]} 10. Bc4 {[%emt 0:01:41]} Nh6 {[%emt 0:02:05]} 11. Qd2 {[%emt 0:10:05]} O-O {[%emt 0:00:40]} 12. O-O-O {[%emt 0:00:17]} Nf5 {[%emt 0:00:22]} 13. exd6 {[%emt 0:02:48]} Nxe3 {[%emt 0:01:28]} 14. Qxe3 {[%emt 0:02:59]} exd6 {[%emt 0:00:15]} 15. Qd3 {[%emt 0:06:52]} d5 {[%emt 0:02:47]} 16. Bb3 {[%emt 0:00:25]} Bf5 {[%emt 0:00:47]} 17. Qf3 {[%emt 0:01:11]} Qc7 {[%emt 0:03:57]} 18. g4 {[%emt 0:02:02]} Bd7 {[%emt 0:01:53]} 19. h4 {[%emt 0:01:21]} Qc8 {[%emt 0:00:23]} 20. Rhg1 {[%emt 0:02:00]} a5 {[%emt 0:00:56]} 21. h5 {[%emt 0:01:38]} Bxc3 {[%emt 0:00:37]} 22. Qxc3 {[%emt 0:00:42]} a4 {[%emt 0:00:06]} 23. hxg6 {[%emt 0:00:18]} hxg6 {[%emt 0:00:53]} 24. Rh1 {[%emt 0:00:19]} f6 {[%emt 0:00:39]} 25. Qh3 {[%emt 0:00:08]} Kf7 {[%emt 0:00:20]} 26. Qh7+ {[%emt 0:01:07]} Ke8 {[%emt 0:00:18]} 27. Qxg6+ {[%emt 0:00:10]} Kd8 {[%emt 0:00:10]} 28. Bxd5 {[%emt 0:00:14]} cxd5 {[%emt 0:00:45]} 29. Rxd5 {[%emt 0:01:06]} Qc6 {[%emt 0:00:26]} 30. Rhd1 {[%emt 0:01:22]} Ra7 {[%emt 0:00:45]} 31. Qg7 {[%emt 0:02:40]} Re8 {[%emt 0:00:41]} 32. Rd6 {[%emt 0:00:19]} Qb5 {[%emt 0:01:13]} 33. Qxf6+ {[%emt 0:00:09]} Re7 {[%emt 0:00:12]} 34. Re6 {[%emt 0:00:25]} a3 {[%emt 0:02:00]} 35. Qxe7+ {[%emt 0:00:46]} Kc8 {[%emt 0:00:16]} 36. b3 {[%emt 0:01:02]} 1-0

[Event "HUN-chT Youth 2019"]
[Site "Budapest"]
[Date "2019.10.28"]
[Round "4.29"]
[White "Palczert, Hajnalka"]
[Black "Farkas, Boglarka"]
[Result "0-1"]
[WhiteElo "1531"]
[BlackElo "1391"]
[Annotator "NA"]
[PlyCount "144"]
[EventDate "2019.10.26"]
[EventType "team-tourn"]
[EventCountry "HUN"]
[SourceTitle "playchess.com"]
[Source "ChessBase"]
[SourceQuality "1"]
[TimeControl "5400+30"]

1. Nf3 {[%emt 0:01:58]} d6 {[%emt 0:01:14]} 2. d4 {[%emt 0:01:02]} Nc6 {[%emt 0:00:29]} 3. g3 {[%emt 0:01:20]} e5 {[%emt 0:00:41]} 4. Nc3 {[%emt 0:01:21]} exd4 {[%emt 0:05:49]} 5. Nxd4 {[%emt 0:00:42]} Nxd4 {[%emt 0:00:14]} 6. Qxd4 {[%emt 0:00:11]} Nf6 {[%emt 0:01:08]} 7. Bg2 {[%emt 0:01:14]} Be7 {[%emt 0:06:46]} 8. O-O {[%emt 0:02:23]} O-O {[%emt 0:00:48]} 9. Bf4 {[%emt 0:01:35]} Re8 {[%emt 0:02:33]} 10. Rad1 {[%emt 0:01:47]} a6 {[%emt 0:06:02]} 11. Rd2 {[%emt 0:05:20]} Nd7 {[%emt 0:03:53]} 12. Nd5 {[%emt 0:02:37]} Nb8 {[%emt 0:04:32]} 13. Rfd1 {[%emt 0:06:01]} Nc6 {[%emt 0:01:25]} 14. Nxe7+ {[%emt 0:04:37]} Qxe7 {[%emt 0:01:18]} 15. Bxc6 {[%emt 0:01:37]} bxc6 {[%emt 0:00:24]} 16. Qa4 {[%emt 0:05:30]} c5 {[%emt 0:05:44]} 17. Be3 {[%emt 0:02:52]} Bd7 {[%emt 0:02:48]} 18. Qf4 {[%emt 0:05:12]} Bb5 {[%emt 0:01:27]} 19. Kf1 {[%emt 0:02:18]} Qe5 {[%emt 0:05:47]} 20. c4 {[%emt 0:04:35]} Qxf4 {[%emt 0:00:50]} 21. Bxf4 {[%emt 0:00:36]} Bxc4 {[%emt 0:00:38]} 22. b3 {[%emt 0:00:53]} Bb5 {[%emt 0:00:31]} 23. Be3 {[%emt 0:01:13]} f6 {[%emt 0:00:51]} 24. Rd5 {[%emt 0:01:24]} Re7 {[%emt 0:02:46]} 25. a4 {[%emt 0:03:42]} Be8 {[%emt 0:03:26]} 26. Bd2 {[%emt 0:01:59]} Bf7 {[%emt 0:04:46]} 27. Rd3 {[%emt 0:01:06]} Rb8 {[%emt 0:03:27]} 28. Rc1 {[%emt 0:01:42]} Rxb3 {[%emt 0:02:44]} 29. Ba5 {[%emt 0:01:26]} Rxd3 {[%emt 0:02:44]} 30. exd3 {[%emt 0:00:25]} Bd5 {[%emt 0:01:07]} 31. Rb1 {[%emt 0:01:02]} Bc6 {[%emt 0:04:11]} 32. Ra1 {[%emt 0:00:43]} Kf7 {[%emt 0:00:33]} 33. Bc3 {[%emt 0:00:35]} Kg6 {[%emt 0:01:12]} 34. a5 {[%emt 0:00:35]} Bb5 {[%emt 0:00:34]} 35. Rd1 {[%emt 0:00:33]} d5 {[%emt 0:00:51]} 36. Bb2 {[%emt 0:00:43]} c4 {[%emt 0:01:43]} 37. dxc4 {[%emt 0:00:48]} Bxc4+ {[%emt 0:00:13]} 38. Kg2 {[%emt 0:00:10]} c6 {[%emt 0:00:22]} 39. Bd4 {[%emt 0:00:48]} Bb5 {[%emt 0:00:48]} 40. Bb6 {[%emt 0:00:52]} Re8 {[%emt 0:01:23]} 41. Rd4 {[%emt 0:00:41]} Re4 {[%emt 0:01:45]} 42. Rd2 {[%emt 0:00:43]} Re1 {[%emt 0:01:15]} 43. Rd4 {[%emt 0:01:02]} Re4 {[%emt 0:03:10]} 44. Rd2 {[%emt 0:00:25]} Kf5 {[%emt 0:00:11]} 45. Bc5 {[%emt 0:01:05]} Rc4 {[%emt 0:01:28]} 46. Bb6 {[%emt 0:00:27]} Rc1 {[%emt 0:00:29]} 47. h3 {[%emt 0:01:01]} g5 {[%emt 0:02:21]} 48. Rd4 {[%emt 0:01:44]} Rc4 {[%emt 0:00:33]} 49. Rd2 {[%emt 0:00:33]} h5 {[%emt 0:00:16]} 50. Rd1 {[%emt 0:00:31]} Re4 {[%emt 0:02:24]} 51. Rd2 {[%emt 0:00:39]} Ke6 {[%emt 0:04:41]} 52. Rd1 {[%emt 0:01:02]} Kd6 {[%emt 0:00:14]} 53. Bd8 {[%emt 0:01:28]} Ke6 {[%emt 0:00:43]} 54. Bb6 {[%emt 0:01:28]} g4 {[%emt 0:00:15]} 55. hxg4 {[%emt 0:00:59]} hxg4 {[%emt 0:00:09]} 56. Rd2 {[%emt 0:00:29]} Re1 {[%emt 0:00:57]} 57. Rd4 {[%emt 0:00:45]} f5 {[%emt 0:00:08]} 58. Rd2 {[%emt 0:00:22]} Be2 {[%emt 0:00:17]} 59. f4 {[%emt 0:01:42]} gxf3+ {[%emt 0:00:28]} 60. Kf2 {[%emt 0:01:31]} Rc1 {[%emt 0:00:43]} 61. Ke3 {[%emt 0:01:24]} c5 {[%emt 0:00:54]} 62. Kf4 {[%emt 0:00:51]} Rc4+ {[%emt 0:01:01]} 63. Ke3 {[%emt 0:00:30]} d4+ {[%emt 0:00:24]} 64. Kf4 {[%emt 0:00:55]} d3+ {[%emt 0:00:34]} 65. Ke3 {[%emt 0:00:26]} Re4+ {[%emt 0:00:22]} 66. Kf2 {[%emt 0:00:11]} c4 {[%emt 0:00:13]} 67. Be3 {[%emt 0:00:44]} c3 {[%emt 0:00:18]} 68. Ra2 {[%emt 0:00:40]} Rc4 {[%emt 0:00:37]} 69. Ke1 {[%emt 0:00:36]} Kd5 {[%emt 0:01:31]} 70. Bg5 {[%emt 0:00:22]} Kc6 {[%emt 0:00:53]} 71. Be3 {[%emt 0:00:19]} Kb5 {[%emt 0:00:16]} 72. Bg5 {[%emt 0:00:26]} Ra4 {[%emt 0:00:12]} 0-1

[Event "HUN-chT Youth 2019"]
[Site "Budapest"]
[Date "2019.10.28"]
[Round "4.30"]
[White "Nyuli, Leila"]
[Black "Kreiter, Lilla"]
[Result "1-0"]
[WhiteElo "1258"]
[BlackElo "1280"]
[Annotator "NA RC"]
[PlyCount "59"]
[EventDate "2019.10.26"]
[EventType "team-tourn"]
[EventCountry "HUN"]
[SourceTitle "playchess.com"]
[Source "ChessBase"]
[SourceQuality "1"]
[TimeControl "5400+30"]

1. e4 {[%emt 0:00:00]} c5 {[%emt 0:00:00]} 2. Nf3 {[%emt 0:00:00]} Nc6 {[%emt 0:00:19]} 3. d4 {[%emt 0:00:08]} cxd4 {[%emt 0:00:09]} 4. Nxd4 {[%emt 0:00:17]} g6 {[%emt 0:00:43]} 5. b3 {[%emt 0:00:46]} Bg7 {[%emt 0:00:42]} 6. Bb2 {[%emt 0:00:45]} Nf6 {[%emt 0:00:30]} 7. f3 {[%emt 0:07:16]} O-O {[%emt 0:02:38]} 8. Nc3 {[%emt 0:01:48]} d5 {[%emt 0:12:41]} 9. Nxc6 {[%emt 0:03:48]} bxc6 {[%emt 0:02:39]} 10. Rb1 {[%emt 0:02:03]} Qd6 {[%emt 0:07:42]} 11. Qe2 {[%emt 0:06:59]} dxe4 {[%emt 0:02:17]} 12. fxe4 {[%emt 0:00:32]} Qc5 {[%emt 0:02:43]} 13. Qc4 {[%emt 0:10:47]} Qe3+ {[%emt 0:04:41]} 14. Qe2 {[%emt 0:01:41]} Qf4 {[%emt 0:01:42]} 15. Qf3 {[%emt 0:01:58]} Qg5 {[%emt 0:01:55]} 16. Bc1 {[%emt 0:01:38]} Qc5 {[%emt 0:07:24]} 17. Qe3 {[%emt 0:01:01]} Nd7 {[%emt 0:03:41]} 18. Qxc5 {[%emt 0:00:55]} Nxc5 {[%emt 0:00:11]} 19. Bb2 {[%emt 0:00:39]} Bxc3+ {[%emt 0:00:22]} 20. Bxc3 {[%emt 0:00:31]} Nxe4 {[%emt 0:00:12]} 21. Bb2 {[%emt 0:00:29]} Rd8 {[%emt 0:00:42]} 22. Bc4 {[%emt 0:00:39]} Nd2 {[%emt 0:01:18]} 23. Rd1 {[%emt 0:00:26]} Nf3+ {[%emt 0:01:49]} 24. gxf3 {[%emt 0:00:19]} Bf5 {[%emt 0:00:34]} 25. Bd3 Bh3 {[%emt 0:01:01]} 26. Be4 {[%emt 0:02:09]} Rxd1+ {[%emt 0:00:57]} 27. Kxd1 {[%emt 0:00:15]} Rd8+ {[%emt 0:00:18]} 28. Kc1 {[%emt 0:00:14]} Rd6 {[%emt 0:00:58]} 29. Rd1 {[%emt 0:01:15]} Re6 {[%emt 0:00:26]} 30. Rd8# {[%emt 0:00:16]} 1-0

[Event "HUN-chT Youth 2019"]
[Site "Budapest"]
[Date "2019.10.28"]
[Round "4.31"]
[White "Pasti, Aron"]
[Black "Varga, Marcell"]
[Result "1/2-1/2"]
[WhiteElo "2099"]
[BlackElo "2118"]
[Annotator "TA"]
[PlyCount "29"]
[EventDate "2019.10.26"]
[EventType "team-tourn"]
[EventCountry "HUN"]
[SourceTitle "playchess.com"]
[Source "ChessBase"]
[SourceQuality "1"]

{[%evp 26,29,26,0,35,0]} 1. e4 e5 2. Nf3 Nc6 3. Bb5 a6 4. Ba4 Nf6 5. O-O Be7 6. Re1 b5 7. Bb3 d6 8. c3 O-O 9. h3 Nb8 10. d4 Nbd7 11. a4 ({Predecessor:} 11. Nbd2 Bb7 {½-½ (16) Marholev,D (2398)-Iotov,V (2509) Fouesnant 2007}) 11... Bb7 12. Nbd2 Re8 $146 (12... c5 13. d5 c4 14. Bc2 Nc5 15. Nf1 Nfd7 16. Be3 Qc7 17. N3d2 Nb6 18. a5 Nbd7 19. Ng3 g6 20. Rf1 Bc8 21. Qe2 {1-0 (63) Alekseenko,K (2637)-Mons,L (2544) chess.com INT 2019}) 13. Ng5 Rf8 14. Ngf3 Re8 {C95: Closed Ruy Lopez: Breyer Variation with 10 d4} 15. Ng5 1/2-1/2

[Event "HUN-chT Youth 2019"]
[Site "Budapest"]
[Date "2019.10.28"]
[Round "4.32"]
[White "Gyurika, Tamas"]
[Black "Kratzmajer, Akos Gyorgy"]
[Result "0-1"]
[WhiteElo "1920"]
[BlackElo "2004"]
[Annotator "NA RC"]
[PlyCount "72"]
[EventDate "2019.10.26"]
[EventType "team-tourn"]
[EventCountry "HUN"]
[SourceTitle "playchess.com"]
[Source "ChessBase"]
[SourceQuality "1"]
[TimeControl "5400+30"]

{[%evp 15,70,-29,-12,32767,32767,32767,0,0,10,3,9,0,8,0,34,42,50,19,22,2,0,-102,32767,-28,0,-52,32767,32767,-13,-74,-50,-70,32767,-192,32767,32767,32767,-228,-193,32767,32767,32767,32767,-939,-1160,-911,32767,-1141,-1314,32767,32767,32767,32767,32767,32767,-29976,-29988]} 1. e4 {[%emt 0:00:00]} e5 {[%emt 0:00:00]} 2. Nf3 {[%emt 0:00:00]} Nc6 {[%emt 0:00:00]} 3. d4 {[%emt 0:00:00]} exd4 {[%emt 0:00:00]} 4. Bc4 {[%emt 0:00:00]} Nf6 {[%emt 0:00:00]} 5. e5 {[%emt 0:00:03]} d5 {[%emt 0:00:00]} 6. Bb5 {[%emt 0:00:03]} Ne4 {[%emt 0:00:00]} 7. Nxd4 {[%emt 0:00:05]} Bc5 {[%emt 0:00:00]} 8. O-O {[%emt 0:00:50]} O-O {[%emt 0:00:00]} 9. Bxc6 {[%emt 0:00:59]} bxc6 {[%emt 0:00:01]} 10. Be3 {[%emt 0:00:37]} Bxd4 {[%emt 0:03:05] C56: Two Knights: 4 d4 exd4 5 0-0 Nxe4} 11. Qxd4 {[%emt 0:01:21]} c5 {[%emt 0:01:02]} 12. Qd3 {[%emt 0:00:57]} c4 {[%emt 0:08:37]} (12... Bf5 13. Qe2 d4 14. f3 Ng5 15. Bxg5 Qxg5 16. Na3 Rfe8 17. Rae1 Rad8 18. Rf2 {½-½ (26) Carlsen,M (2875)-So,W (2754) Stavanger 2019}) 13. Qd1 {[%emt 0:01:31]} Bb7 {[%emt 0:05:26]} 14. Nd2 $146 {[%emt 0:05:08]} ({Predecessor:} 14. f3 Ng5 15. Qd2 Ne6 16. Rd1 c5 17. c3 Qc7 18. f4 Qc6 {0-1 (30) Organek,M-Kaula,I Slask 1996}) 14... Nxd2 {[%emt 0:07:04]} 15. Qxd2 {[%emt 0:00:19]} Qe7 {[%emt 0:00:03]} 16. Rfe1 {[%emt 0:00:46]} c5 {[%emt 0:04:06]} 17. Bg5 {[%emt 0:01:15]} Qe6 {[%emt 0:00:50]} 18. Qf4 {[%emt 0:00:38]} (18. f4 $11 {remains equal.}) 18... d4 {[%emt 0:06:20]} 19. Qg3 {[%emt 0:08:20]} Qg6 {[%emt 0:08:59]} 20. f4 {[%emt 0:04:17]} Be4 {[%emt 0:18:39]} 21. c3 {[%emt 0:06:15]} Rab8 {[%emt 0:03:14]} 22. Re2 {[%emt 0:02:20]} (22. Be7 $11) 22... Rb7 {[%emt 0:03:31]} 23. Rae1 {[%emt 0:01:05]} Bd3 {[%emt 0:00:48]} 24. Rf2 $2 {[%emt 0:00:39]} (24. Rd2 $11) 24... h6 {[%emt 0:01:56]} 25. Qf3 {[%emt 0:03:04]} Rfb8 {[%emt 0:02:00]} 26. Bh4 {[%emt 0:02:54]} Rxb2 {[%emt 0:00:28]} 27. cxd4 {[%emt 0:00:58]} cxd4 {[%emt 0:00:34]} 28. g4 {[%emt 0:02:16]} Rb1 {[%emt 0:06:46]} 29. Rd2 {[%emt 0:01:03]} Be4 {[%emt 0:02:15]} 30. f5 {[%emt 0:01:46]} Qc6 {[%emt 0:01:58]} 31. Qf4 {[%emt 0:00:46]} d3 {[%emt 0:07:38]} 32. e6 {[%emt 0:01:33]} c3 {[%emt 0:02:57]} 33. Rdd1 {[%emt 0:01:22]} d2 {[%emt 0:01:22]} 34. Rxb1 {[%emt 0:00:40]} Rxb1 {[%emt 0:00:11]} 35. Rxb1 {[%emt 0:00:35]} Bxb1 {[%emt 0:00:09]} 36. Qb8+ {[%emt 0:04:13]} Kh7 {[%emt 0:00:03]} 0-1

[Event "HUN-chT Youth 2019"]
[Site "Budapest"]
[Date "2019.10.28"]
[Round "4.33"]
[White "Pasti, Anna"]
[Black "Blahota, Marcell"]
[Result "0-1"]
[WhiteElo "1884"]
[BlackElo "1765"]
[Annotator "NA RC"]
[PlyCount "158"]
[EventDate "2019.10.26"]
[EventType "team-tourn"]
[EventCountry "HUN"]
[SourceTitle "playchess.com"]
[Source "ChessBase"]
[SourceQuality "1"]
[TimeControl "5400+30"]

1. g3 {[%emt 0:00:00]} d5 {[%emt 0:02:15]} 2. Bg2 {[%emt 0:00:00]} Nf6 {[%emt 0:01:06]} 3. d3 {[%emt 0:00:00]} c5 {[%emt 0:07:57]} 4. Nf3 {[%emt 0:01:07]} Nc6 {[%emt 0:01:39]} 5. b3 {[%emt 0:03:00]} e6 {[%emt 0:11:06]} 6. Bb2 {[%emt 0:00:38]} Be7 {[%emt 0:00:48]} 7. Nbd2 {[%emt 0:00:51]} O-O {[%emt 0:00:51]} 8. O-O {[%emt 0:03:55]} Qc7 {[%emt 0:01:45]} 9. Ne1 $146 {[%emt 0:03:57] A06: Réti Opening:1 Nf3 d5} ({Predecessor:} 9. Re1 e5 10. e4 d4 11. Nh4 g6 12. Bc1 Bg4 13. Nhf3 b5 14. h3 Bd7 15. Nh2 Qc8 16. h4 h5 {1-0 (69) Gabuzyan,H (2614)-Kotanjian,T (2485) Yerevan 2016}) 9... e5 {[%emt 0:09:30]} 10. e4 {[%emt 0:00:43]} dxe4 {[%emt 0:02:41]} 11. Nxe4 {[%emt 0:00:41]} Be6 {[%emt 0:12:31]} 12. Nxf6+ {[%emt 0:01:05]} Bxf6 {[%emt 0:01:53]} 13. f4 {[%emt 0:01:24]} Nd4 {[%emt 0:01:50]} 14. Bxd4 {[%emt 0:02:15]} exd4 {[%emt 0:00:53]} 15. Qf3 {[%emt 0:01:15]} Rab8 {[%emt 0:01:47]} 16. g4 {[%emt 0:01:01]} h6 {[%emt 0:09:40]} 17. Bh3 {[%emt 0:10:38]} (17. Qg3 $11) 17... Rbd8 {[%emt 0:02:09]} 18. Ng2 {[%emt 0:13:02]} (18. Bg2 $15) 18... Bd5 {[%emt 0:07:54]} 19. Qf2 {[%emt 0:00:51]} Rfe8 {[%emt 0:00:55]} 20. Rae1 {[%emt 0:04:46]} Qd7 {[%emt 0:06:19]} ({Better is} 20... g6 $17 21. Rxe8+ Rxe8) 21. Qg3 {[%emt 0:03:44]} ({Better is} 21. f5 $15) 21... Bxg2 {[%emt 0:02:11]} 22. Bxg2 {[%emt 0:00:50]} Re3 {[%emt 0:03:15]} 23. Rxe3 {[%emt 0:02:51]} dxe3 {[%emt 0:00:08]} 24. Kh1 {[%emt 0:02:29]} Bd4 {[%emt 0:00:18]} 25. g5 {[%emt 0:01:45]} hxg5 {[%emt 0:02:36]} 26. fxg5 {[%emt 0:02:11]} g6 {[%emt 0:02:40]} 27. Be4 {[%emt 0:02:27]} b5 {[%emt 0:01:18]} 28. Qh4 {[%emt 0:02:58]} (28. Kg2 $15) 28... Qe6 {[%emt 0:01:14]} 29. Qg3 {[%emt 0:01:56]} b4 {[%emt 0:01:24]} 30. Qf3 {[%emt 0:03:24]} Kg7 {[%emt 0:01:17]} 31. Kg2 {[%emt 0:00:57]} f5 {[%emt 0:02:25]} 32. gxf6+ $1 {[%emt 0:00:22]} Qxf6 {[%emt 0:00:19]} 33. Qg4 {[%emt 0:01:48]} Qd6 {[%emt 0:00:42]} 34. Rf5 {[%emt 0:01:52]} e2 {[%emt 0:00:33]} 35. Rg5 {[%emt 0:01:25]} e1=N+ $14 {[%emt 0:00:09]} (35... e1=Q $19 36. Rxg6+ Kf7 37. Qf5+ Bf6) 36. Kh1 {[%emt 0:00:33]} Kf7 {[%emt 0:01:21]} 37. Bxg6+ {[%emt 0:02:08]} Ke7 {[%emt 0:00:13]} 38. Qh4 {[%emt 0:01:58]} Qf6 {[%emt 0:00:56]} 39. Qxe1+ {[%emt 0:01:31]} Kd7 {[%emt 0:00:26]} 40. Rd5+ {[%emt 0:04:12]} Kc6 {[%emt 0:00:20]} 41. Rf5 {[%emt 0:08:54]} Qxg6 {[%emt 0:00:33]} 42. Qe4+ {[%emt 0:00:14]} Kb6 {[%emt 0:00:05]} 43. Rf1 {[%emt 0:00:38]} Qxe4+ {[%emt 0:00:38]} 44. dxe4 {[%emt 0:00:07]} Re8 {[%emt 0:00:08]} 45. Re1 {[%emt 0:00:16]} Kc6 {[%emt 0:00:10]} 46. Kg2 {[%emt 0:00:22]} Rg8+ {[%emt 0:00:06]} 47. Kh3 {[%emt 0:01:16]} Kd6 {[%emt 0:00:18]} 48. Re2 {[%emt 0:00:08]} Ke5 {[%emt 0:00:28]} 49. Kh4 {[%emt 0:00:44]} Kf4 {[%emt 0:00:30]} 50. Kh5 {[%emt 0:00:10]} Kf3 {[%emt 0:00:40]} 51. Re1 {[%emt 0:00:12]} Rh8+ {[%emt 0:01:03]} 52. Kg6 {[%emt 0:00:14]} Rxh2 {[%emt 0:00:11]} 53. e5 {[%emt 0:00:11]} Rg2+ {[%emt 0:00:25]} 54. Kf5 {[%emt 0:00:30]} Bc3 {[%emt 0:00:57]} 55. Rd1 {[%emt 0:00:58]} Bxe5 {[%emt 0:00:39]} 56. Kxe5 {[%emt 0:00:13]} Rxc2 {[%emt 0:00:06]} 57. Ra1 {[%emt 0:01:07]} Ke3 {[%emt 0:00:12]} 58. a3 {[%emt 0:00:59]} a5 {[%emt 0:00:18]} 59. axb4 {[%emt 0:00:45]} axb4 {[%emt 0:00:14]} 60. Rd1 {[%emt 0:01:36]} c4 {[%emt 0:00:55]} 61. bxc4 {[%emt 0:01:49]} Rxc4 {[%emt 0:00:47]} 62. Kd5 {[%emt 0:04:23]} Rc3 {[%emt 0:00:40]} 63. Rh1 {[%emt 0:01:32]} Kd3 {[%emt 0:00:38]} 64. Rh3+ {[%emt 0:00:17]} Kc2 {[%emt 0:00:21]} 65. Rh2+ {[%emt 0:00:11]} Kb3 {[%emt 0:00:38]} 66. Kd4 {[%emt 0:00:19]} Rc8 {[%emt 0:00:26]} 67. Rh3+ {[%emt 0:01:33]} Ka2 {[%emt 0:00:28]} 68. Rh2+ {[%emt 0:00:14]} Ka3 {[%emt 0:00:08]} 69. Rh7 {[%emt 0:00:21]} b3 {[%emt 0:00:12]} 70. Kd3 {[%emt 0:00:59]} Ka2 {[%emt 0:00:55]} 71. Ra7+ {[%emt 0:00:45]} Kb1 {[%emt 0:00:09]} 72. Kd2 {[%emt 0:00:14]} Kb2 {[%emt 0:01:39]} 73. Ra6 {[%emt 0:01:08]} Rd8+ {[%emt 0:00:14]} 74. Ke3 {[%emt 0:00:28]} Kb1 {[%emt 0:01:05]} 75. Rb6 {[%emt 0:00:34]} b2 {[%emt 0:00:25]} 76. Ra6 {[%emt 0:00:35]} Rb8 {[%emt 0:00:47]} 77. Kd2 {[%emt 0:00:13]} Rd8+ {[%emt 0:00:05]} 78. Ke3 {[%emt 0:00:33]} Rd5 {[%emt 0:00:45]} 79. Ke4 {[%emt 0:00:24]} Rd2 {[%emt 0:00:28] Kd4} 0-1

[Event "HUN-chT Youth 2019"]
[Site "Budapest"]
[Date "2019.10.28"]
[Round "4.34"]
[White "Oros, Mikhailo"]
[Black "Hegedus, Luca"]
[Result "1-0"]
[WhiteElo "1704"]
[BlackElo "1845"]
[Annotator "NA"]
[PlyCount "127"]
[EventDate "2019.10.26"]
[EventType "team-tourn"]
[EventCountry "HUN"]
[SourceTitle "playchess.com"]
[Source "ChessBase"]
[SourceQuality "1"]
[TimeControl "5400+30"]

1. Nf3 {[%emt 0:00:00]} Nf6 {[%emt 0:00:00]} 2. g3 {[%emt 0:00:03]} g6 {[%emt 0:00:00]} 3. Bg2 {[%emt 0:00:13]} Bg7 {[%emt 0:00:26]} 4. c4 {[%emt 0:00:47]} c6 {[%emt 0:05:27]} 5. d4 {[%emt 0:04:09]} d5 {[%emt 0:00:37]} 6. c5 {[%emt 0:03:27] D73: Fianchetto Grünfeld: 5 Nf3} ({White should try} 6. cxd5 $11 cxd5 7. Nc3) (6. Qb3 O-O 7. O-O Qb6 8. Nc3 Rd8 9. Bd2 dxc4 10. Qxc4 Be6 11. Qa4 Bf5 12. Rfe1 Ne4 13. Nxe4 Bxe4 14. Ba5 Qa6 15. Qa3 Re8 16. Bf1 c5 {½-½ (38) Tomashevsky,E (2718)-Nepomniachtchi,I (2776) Khanty-Mansiysk 2019}) 6... Nbd7 $146 {[%emt 0:03:03]} ({Predecessor:} 6... O-O 7. O-O Nbd7 8. Bf4 Re8 9. Ne5 Nh5 10. Nxd7 Nxf4 11. gxf4 Bxd7 12. e3 Qc8 13. a3 Bh3 {0-1 (37) Florek,W (1147)-Kozlinski,M (1615) Poland 2016}) 7. O-O {[%emt 0:01:16]} Ne4 {[%emt 0:03:11]} 8. Bf4 {[%emt 0:08:58]} O-O {[%emt 0:07:06]} 9. Nbd2 {[%emt 0:03:45]} e5 {[%emt 0:09:38]} 10. Nxe4 {[%emt 0:02:27]} exf4 {[%emt 0:02:37]} 11. Nd6 {[%emt 0:01:46]} fxg3 {[%emt 0:05:43]} 12. hxg3 {[%emt 0:00:22]} Nf6 {[%emt 0:02:43]} 13. Nxc8 {[%emt 0:00:34]} Rxc8 {[%emt 0:00:36]} 14. e3 {[%emt 0:05:11]} Ne4 {[%emt 0:01:32]} 15. Nd2 {[%emt 0:02:26]} f5 {[%emt 0:02:41]} 16. Nxe4 {[%emt 0:00:41]} fxe4 {[%emt 0:01:04]} 17. b4 {[%emt 0:02:16]} Kh8 {[%emt 0:02:40]} 18. a4 {[%emt 0:01:23]} Qd7 {[%emt 0:02:14]} 19. Qe2 {[%emt 0:01:02]} Rb8 {[%emt 0:06:18]} 20. Rfb1 {[%emt 0:03:21]} b5 {[%emt 0:06:31]} 21. axb5 {[%emt 0:02:02]} Rxb5 {[%emt 0:00:45]} 22. Qa2 {[%emt 0:02:54]} Rb7 {[%emt 0:01:49]} 23. Qa4 {[%emt 0:01:53]} Rfb8 {[%emt 0:02:29]} 24. Bf1 {[%emt 0:01:16]} Qe6 {[%emt 0:06:56]} 25. b5 {[%emt 0:03:34]} Bf8 {[%emt 0:04:59]} 26. Ra3 {[%emt 0:05:56]} cxb5 {[%emt 0:03:55]} 27. Rxb5 {[%emt 0:00:19]} Rxb5 {[%emt 0:05:45]} 28. Bxb5 {[%emt 0:00:21]} Qc8 {[%emt 0:02:12]} 29. Bf1 {[%emt 0:01:34]} Rb1 {[%emt 0:03:05]} 30. Qxa7 {[%emt 0:02:32]} Qf5 {[%emt 0:03:53]} 31. Ra2 {[%emt 0:02:50]} Rc1 {[%emt 0:01:43]} 32. Qa6 {[%emt 0:01:14]} Kg7 $18 {[%emt 0:02:01]} (32... h5 {was worth a try.} 33. Qa3 Rb1) 33. Qe2 {[%emt 0:02:07]} Kh6 {[%emt 0:01:08]} 34. Rc2 {[%emt 0:00:57]} Rxc2 {[%emt 0:00:42]} 35. Qxc2 {[%emt 0:00:03]} Qc8 {[%emt 0:00:10]} 36. c6 {[%emt 0:00:24]} Bd6 {[%emt 0:00:45]} 37. Kh2 {[%emt 0:00:25]} g5 {[%emt 0:01:05]} 38. Qa4 {[%emt 0:02:27]} Bc7 {[%emt 0:00:35]} 39. Qb5 {[%emt 0:02:27]} Qf5 {[%emt 0:00:26]} 40. Kg1 {[%emt 0:00:35]} Qe6 {[%emt 0:00:52]} 41. Qb7 {[%emt 0:00:16]} Qe7 {[%emt 0:00:14]} 42. Bh3 {[%emt 0:00:36]} Qd6 {[%emt 0:00:17]} 43. Qc8 {[%emt 0:02:40]} Kg6 {[%emt 0:00:57]} 44. Qe6+ {[%emt 0:00:23]} Kg7 {[%emt 0:00:22]} 45. Qxd6 {[%emt 0:00:19]} Bxd6 {[%emt 0:00:02]} 46. Be6 {[%emt 0:00:01]} Kf6 {[%emt 0:00:20]} 47. Bxd5 {[%emt 0:00:10]} Kf5 {[%emt 0:00:05]} 48. Bg8 {[%emt 0:01:09]} Kg6 {[%emt 0:00:11]} 49. g4 {[%emt 0:00:54]} h6 {[%emt 0:00:12]} 50. Bd5 {[%emt 0:00:07]} Kf6 {[%emt 0:00:05]} 51. Bxe4 {[%emt 0:00:11]} Ke6 {[%emt 0:00:14]} 52. Kg2 {[%emt 0:00:26]} Kf6 {[%emt 0:00:15]} 53. Bf5 {[%emt 0:00:35]} Ke7 {[%emt 0:00:15]} 54. Kf1 {[%emt 0:00:50]} Bb8 {[%emt 0:00:29]} 55. Ke2 {[%emt 0:00:19]} Kd6 {[%emt 0:00:14]} 56. Be4 {[%emt 0:00:25]} Ke7 {[%emt 0:00:29]} 57. Kd3 {[%emt 0:00:21]} Bh2 {[%emt 0:00:30]} 58. d5 {[%emt 0:01:45]} Kd6 {[%emt 0:00:18]} 59. Bg2 {[%emt 0:00:39]} Ke7 {[%emt 0:00:48]} 60. Ke4 {[%emt 0:00:29]} Bd6 {[%emt 0:00:29]} 61. Kf5 {[%emt 0:00:16]} Kf7 {[%emt 0:00:05]} 62. e4 {[%emt 0:00:22]} Bb8 {[%emt 0:00:04]} 63. e5 {[%emt 0:00:27]} Ke7 {[%emt 0:00:12]} 64. d6+ {[%emt 0:00:19]} 1-0